000 00742nam a2200265Ia 4500
003 OSt
005 20221007110957.0
006 a|||||r|||| 00| 0
007 ta
008 221006b |||||||| |||| 00| 0 eng d
024 _a22,308
037 _cTextual
040 _aLCO
_cLCO
_beng
041 _2eng
_aeng
082 _aX7291:(Z2,81), L2
100 _aAgarwala S.K. Ed.
_9708161
245 0 _aSupreme Court Sales Tax Judgements.V1
260 _aAllahabad
_bCentral Law Agency India
_c1972
300 _a650
490 _vVol.- I
650 _aSALES TAX
_9258895
700 _a K.K. Singh Ed.
_9708162
942 _hX7291:(Z2,81), L2
_cTEXL
999 _c1191871
_d1191871